Statistics for Word Scramble - US Cities

Click here to take the quiz!

General Stats

  • This quiz has been taken 188 times
  • The average score is 15 of 18

Answer Stats

GibberishCity% Correct
lhoolunuHonolulu
98%
iamimMiami
98%
lslaadDallas
93%
hilpdeahpailPhiladelphia
92%
gofarFargo
91%
ortlndapPortland
91%
ttlaeseSeattle
90%
vdrneeDenver
90%
pishemmMemphis
89%
llivecksonjaJacksonville
87%
clvlndeeaCleveland
84%
ilposnenamiMinneapolis
82%
gcohicaChicago
80%
tonsuhoHouston
78%
qqrueeublauAlbuquerque
75%
krwneaNewark
63%
serfonFresno
57%
toetrachlCharlotte
54%

Score Distribution

Percentile by Number Answered

Percent of People with Each Score

Your Score History

You have not taken this quiz